Statistics for History of North Korea Quiz

Click here to take the quiz!

General Stats

  • This quiz has been taken 53 times
  • The average score is 12 of 18

Answer Stats

QuestionAnswer% Correct
What country annexed Korea in 1910?Japan
98%
What country helped North Korea and pushed back the U.S. and U.N. forces to
the 38th parallel during the Korean War?
China
96%
What name was given to the strip of land that divided Korea into two pieces in 1953?{Demilitarized} Zone
94%
What did North Korea first test in 2006?Nuclear Weapons
86%
What "ism" was the North Korean constitution amended to remove references to in 2011?Communism
84%
What disaster struck North Korea from 1994–1998?Famine
82%
In what European country did Kim Jong-un live as a child?Switzerland
78%
What type of transportation mode has the North Korean leaders preferred for
domestic and international travels and summits?
Train
76%
In what city did Donald Trump and Kim Jong-un first meet in 2018?Singapore
65%
What building, tallest in North korea, is still unfinished after 33 years of construction?Ryugyong {Hotel}
63%
What strong country did North Korea unexpectedly defeat 1–0 in the 1966 World Cup?Italy
61%
In 1978, North Korea kidnapped Shin Sang-ok and Choi Eun-hee.
What did they force them to make?
Movies
61%
What American basketball player befriended Kim Jong-un in 2013?Dennis Rodman
57%
What political party was established in 1949, and since has been ruling North Korea?{Worker}s' Party
of Korea
51%
By what name does North Korea refer to the Korean War?{Father}land
Liberation War
39%
What American student was imprisoned in North Korea in 2016 for subversion?{Otto} Warmbier
37%
What South Korean president did North Korea try to assassinate in the Blue House raid?Park Chung-hee
33%
By what other name is the "Korean War" known?The {Forgotten} War
27%

Score Distribution

Percentile by Number Answered

Percent of People with Each Score

Your Score History

You have not taken this quiz